000 00353 a2200157 4500
001 154669
040 _cEscola São Tomás de Aquino
100 _abeltrão, Cláudia
240 1 0 _aOs árabes na idade média
_lpor
245 1 0 _aOs árabes na idade média
300 _a63
362 0 _a2000
440 1 _aFTD
697 _aHISTÓRIA
942 _cBK
999 _c154669
_d154669